000 01145nam a22003257a 4500
003 CHAP
005 20220329143900.0
008 120523s2006 mx r 00010 spa d
010 _a103204
011 _a104176
035 _a114865
040 _cCHAP
090 _aTesis
100 1 _aVelázquez García, Jaime Jesús.
_9118540
245 1 0 _aReflectancia multiescalar de un andosol en función de su manejo
_c/por Jaime de Jesús Velázquez García
260 _aMontecillo, Méx. :
_bEl autor,
_c2006
300 _a189 h.
502 _aTesis (Ph.D.) -- C.P. Institución de Enseñanza e Investigación en Ciencias Agricolas
590 _aALEPH
_b10
_c20130110
_lUCH01
_h1544
590 _aBATCH-UPD
_b10
_c20130110
_lUCH01
_h1819
590 _aBATCH-UPD
_b10
_c20130410
_lUCH01
_h0950
590 _aBATCH-UPD
_b10
_c20130914
_lUCH01
_h1957
590 _aCONVERSION
_b10
_c20130109
_lUCH01
_h1357
650 0 4 _aReflectancia.
_995472
650 0 4 _aSuelos
_xAnálisis.
_9110204
650 0 4 _aSuelos
_xElementos minerales.
_9110356
901 _aBK
942 _cTESIS
949 _aTesis
_bBC
_cTES
_d33724002333785
_eTS1
_gDonaciØn
_h53402
_i114865
_sb
999 _c103204
_d103204